puppies by picture - Statistics

General Stats
  • This quiz has been taken 93 times
    62 since last reset
  • The average score is 13 of 25
Answer Stats
Picture Answer % Correct
Pug
98%
Bulldog
94%
Poodle
90%
Labrador Retriever
88%
Beagle
81%
Golden Retriever
81%
Siberian Husky
81%
German Shepherd
79%
Dachshund
65%
Boxer
58%
Chihuahua
58%
Greyhound
58%
Bichon Frise
48%
Yorkshire Terrier
48%
Bloodhound
42%
Cocker Spaniel
40%
Shih Tzu
33%
Shetland Sheepdog
27%
Basenji
23%
Welsh Corgi
21%
English Springer Spaniel
15%
American Eskimo Dog
13%
American Staffordshire Terrier
6%
German Pinscher
2%
Havanese Dog
2%
No matching quizzes found
Score Distribution
Percent of People with Each Score
Percentile by Number Answered
Your Score History
You have not taken this quiz since the last reset